UBT Library

The Sociology of consumption : (Record no. 39245)

000 -LEADER
fixed length control field 00568pam a2200217 a 4500
001 - CONTROL NUMBER
control field 547434
005 - DATE AND TIME OF LATEST TRANSACTION
control field 20171220091841.0
008 - FIXED-LENGTH DATA ELEMENTS--GENERAL INFORMATION
fixed length control field 880401s1988 no b 000 0 eng
010 ## - LIBRARY OF CONGRESS CONTROL NUMBER
LC control number 88008858
020 ## - INTERNATIONAL STANDARD BOOK NUMBER
International Standard Book Number 0391036025 (U.S.)
040 ## - CATALOGING SOURCE
Original cataloging agency DLC
Transcribing agency DLC
Modifying agency DLC
041 ## - LANGUAGE CODE
Language code of text/sound track or separate title eng
080 ## - UNIVERSAL DECIMAL CLASSIFICATION NUMBER
Universal Decimal Classification number 339.47 OTN
082 00 - DEWEY DECIMAL CLASSIFICATION NUMBER
Classification number 339.47 OTN
Edition number 19
100 ## - Rafti
Rafti 50
101 ## - Shkurtesa
Shkurtesa SOC
245 04 - TITLE STATEMENT
Title The Sociology of consumption :
Statement of responsibility, etc Per Otnes, ed.
504 ## - BIBLIOGRAPHY, ETC. NOTE
Bibliography, etc Bibliography: p. 179-191.
906 ## - LOCAL DATA ELEMENT F, LDF (RLIN)
a 7
b cbc
c orignew
d 1
e ocip
f 19
g y-gencatlg
942 ## - ADDED ENTRY ELEMENTS (KOHA)
Source of classification or shelving scheme
Item type Books
Holdings
Withdrawn status Lost status Source of classification or shelving scheme Damaged status Not for loan Collection code Permanent location Current location Shelving location Date acquired Total Checkouts Full call number Barcode Date last seen Price effective from Koha item type
          Koleksioni i përgjithshem UBT - Lipjan UBT - Lipjan Koleksioni i përgjithshem 12/20/2017   339.47 OTN 002-2939809 12/20/2017 12/20/2017 Books
UBT Library © 2015-2024. All rights reserved University Education for Business and Technology